Bengali theatre : (Record no. 144004)
[ view plain ]
| 000 -LEADER | |
|---|---|
| fixed length control field | 00772nam a22002537a 4500 |
| 003 - CONTROL NUMBER IDENTIFIER | |
| control field | dpl |
| 005 - DATE AND TIME OF LATEST TRANSACTION | |
| control field | 20170904123336.0 |
| 008 - FIXED-LENGTH DATA ELEMENTS--GENERAL INFORMATION | |
| fixed length control field | 170904b xxu||||| |||| 00| 0 eng d |
| 010 ## - LIBRARY OF CONGRESS CONTROL NUMBER | |
| LC control number | ENG-120207 |
| 020 ## - INTERNATIONAL STANDARD BOOK NUMBER | |
| Terms of availability | 255.00 |
| International Standard Book Number | 978123019857 |
| 035 ## - SYSTEM CONTROL NUMBER | |
| System control number | EN-103739 |
| 037 ## - SOURCE OF ACQUISITION | |
| Source of stock number/acquisition | DBAD/PUB |
| 040 ## - CATALOGING SOURCE | |
| Transcribing agency | 0 |
| 082 ## - DEWEY DECIMAL CLASSIFICATION NUMBER | |
| Classification number | 792.9095452 |
| 245 ## - TITLE STATEMENT | |
| Title | Bengali theatre : |
| Statement of responsibility, etc | edited by Utpal K. Banerjee |
| Remainder of title | 200 years / |
| 260 ## - PUBLICATION, DISTRIBUTION, ETC. (IMPRINT) | |
| Place of publication, distribution, etc | New Delhi |
| Name of publisher, distributor, etc | Publication Division |
| Date of publication, distribution, etc | 1999 |
| 270 ## - ADDRESS | |
| Address | Ministry of Information & Broadcasting |
| City | New Delhi |
| Postal code | 110001 |
| 300 ## - PHYSICAL DESCRIPTION | |
| Extent | 273p. : |
| Dimensions | 23cm(pbk) |
| Other physical details | ill. |
| 500 ## - GENERAL NOTE | |
| General note | Includes index. |
| 650 ## - SUBJECT ADDED ENTRY--TOPICAL TERM | |
| Topical term or geographic name as entry element | India--West Bengal |
| 9 (RLIN) | 24137 |
| 650 ## - SUBJECT ADDED ENTRY--TOPICAL TERM | |
| Topical term or geographic name as entry element | Bengali drama |
| 9 (RLIN) | 23519 |
| 700 ## - ADDED ENTRY--PERSONAL NAME | |
| Personal name | Banerjee, Utpal K |
| 942 ## - ADDED ENTRY ELEMENTS (KOHA) | |
| Source of classification or shelving scheme | Dewey Decimal Classification |
| Koha item type | English Books |
| Classification part | 792.9095452 |
| Call number suffix | BEN |
| Withdrawn status | Lost status | Source of classification or shelving scheme | Damaged status | Not for loan | Collection code | Home library | Current library | Date acquired | Source of acquisition | Cost, normal purchase price | Total Checkouts | Full call number | Barcode | Date last seen | Copy number | Cost, replacement price | Price effective from | Koha item type |
|---|---|---|---|---|---|---|---|---|---|---|---|---|---|---|---|---|---|---|
| Dewey Decimal Classification | Non-fiction | Patel Nagar | Patel Nagar | 04/09/2017 | DBAD/PUB | 255.00 | 792.9095452 BEN | EN-103739 | 04/09/2017 | 1 | 255.00 | 04/09/2017 | English Books |
